[Event "Titled Tuesday intern op 23rd Feb"]
[Site "Chess.com INT"]
[Date "2021.02.23"]
[Round "4"]
[White "Berdnyk, Mariia"]
[Black "Leiva Rodriguez, Jeammarco Giuseppe"]
[Result "1-0"]
[WhiteElo "2289"]
[BlackElo "2391"]
[PlyCount "81"]
[EventDate "2021.02.23"]
[EventType "swiss (blitz)"]
[EventRounds "11"]
[EventCountry "USA"]
[SourceTitle "CBM 200 Extra"]
[Source "ChessBase"]
[SourceDate "2021.03.31"]
[SourceVersion "1"]
[SourceVersionDate "2021.03.31"]
[SourceQuality "1"]

1. d4 Nf6 2. c4 e6 3. g3 d5 4. Nf3 dxc4 5. Bg2 a6 6. 0-0 Nc6 7. e3 Rb8 8. Nfd2 e5 9. Bxc6+ bxc6 10. dxe5 Ng4 11. Nxc4 Be6 12. Nbd2 Bb4 13. b3 Qd3 14. Bb2 h5 15. Qb1 Qe2 16. Qd1 Qd3 17. Nf3 Qg6 18. h4 Bd5 19. Rc1 Qe4 20. a3 Qxf3 21. Qxf3 Bxf3 22. axb4 0-0 23. Bd4 Rfe8 24. Nd2 Bd5 25. e4 Rxb4 26. Bc5 Rxe4 27. Nxe4 Bxe4 28. f3 Bd3 29. fxg4 Bxf1 30. Kxf1 Rxe5 31. gxh5 Rxh5 32. Kf2 Rf5+ 33. Ke3 Kh7 34. b4 Kg6 35. Ra1 Re5+ 36. Kf4 Rf5+ 37. Ke4 Rf6 38. Rxa6 Kh5 39. Bd4 Rg6 40. Kf3 Kh6 41. Ra7 1-0

[Event "Titled Tuesday intern op 16th Feb"]
[Site "Chess.com INT"]
[Date "2021.02.16"]
[Round "9"]
[White "Berdnyk, Mariia"]
[Black "De Silva, LMST"]
[Result "1-0"]
[WhiteElo "2289"]
[BlackElo "2085"]
[PlyCount "71"]
[EventDate "2021.02.16"]
[EventType "swiss (blitz)"]
[EventRounds "11"]
[EventCountry "USA"]
[SourceTitle "EXT 2022"]
[Source "ChessBase"]
[SourceDate "2021.10.06"]
[SourceVersion "1"]
[SourceVersionDate "2021.10.06"]
[SourceQuality "1"]

1. d4 Nf6 2. c4 e6 3. g3 d5 4. Nf3 c6 5. Bg2 Be7 6. 0-0 0-0 7. Nbd2 b6 8. Qc2 Nbd7 9. e4 Bb7 10. e5 Ne8 11. cxd5 cxd5 12. Re1 Rc8 13. Qa4 a6 14. Nf1 b5 15. Qd1 Qc7 16. Ne3 Nb6 17. h4 g6 18. h5 Ng7 19. hxg6 fxg6 20. Ng4 Nf5 21. Nh6+ Kh8 22. Nxf5 gxf5 23. Ng5 Bxg5 24. Bxg5 Qf7 25. Qf3 Qg6 26. Qf4 Nc4 27. Bf6+ Kg8 28. b3 Nb6 29. Qh4 Rce8 30. Bf3 Rxf6 31. Bh5 Rf7 32. Bxg6 hxg6 33. Qg5 Kg7 34. Kg2 Rh8 35. Rh1 Rxh1 36. Rxh1 1-0

[Event "Titled Tuesday intern op 16th Feb"]
[Site "Chess.com INT"]
[Date "2021.02.16"]
[Round "2"]
[White "Berdnyk, Mariia"]
[Black "Maltsevskaya, Aleksandra"]
[Result "0-1"]
[WhiteElo "2289"]
[BlackElo "2327"]
[PlyCount "76"]
[EventDate "2021.02.16"]
[EventType "swiss (blitz)"]
[EventRounds "11"]
[EventCountry "USA"]
[SourceTitle "EXT 2022"]
[Source "ChessBase"]
[SourceDate "2021.10.06"]
[SourceVersion "1"]
[SourceVersionDate "2021.10.06"]
[SourceQuality "1"]

1. d4 Nf6 2. c4 g6 3. Nc3 Bg7 4. e4 d6 5. Be2 0-0 6. Nf3 e5 7. 0-0 Nc6 8. d5 Ne7 9. b4 Nh5 10. Re1 f5 11. Ng5 Nf6 12. Bf3 c6 13. Bb2 h6 14. Ne6 Bxe6 15. dxe6 fxe4 16. Nxe4 Nxe4 17. Rxe4 d5 18. cxd5 cxd5 19. Rxe5 Bxe5 20. Bxe5 Qb6 21. Bb2 Kh7 22. a3 Rad8 23. Qe2 d4 24. Be4 d3 25. Qd2 Qxe6 26. Qc3 Qf7 27. Bxd3 Rxd3 28. Qxd3 Qxf2+ 29. Kh1 Qxb2 30. Re1 Qf6 31. h3 Nc6 32. Qd7+ Rf7 33. Qc8 Re7 34. Rd1 h5 35. b5 Ne5 36. Rd8 Qf1+ 37. Kh2 Nf3+ 38. gxf3 Qf2+ 0-1